000 00909nam a2200229Ia 4500
003 IN-BaIIA
008 211028s9999 xx 000 0 eng d
020 _a0-7354-0131-4
040 _cIIA Library
080 _a524.834(082.2)
_bCOS
111 _aBrazilian School of Cosmology and Gravitation
_cBrazil
_d2002 July 29 - Aug. 9
_928632
245 0 _aCosmology and gravitation
_bXth Brazilian school of cosmology and gravitation held in Mangaratiba, Brazil, 29 July - 9 Aug 2002
_cedited by M. Novello and S. E. P. Bergliaff
260 _aNew York
_bAmerican Institute of Physics
_c2003
300 _ax, 305p.
490 _aAIP conference proceedings; v. 668
650 _aCosmology
650 _aGravitation
700 _aBergliaff, S. E. P., ed.
_928633
700 _aNovello, M., ed.
_928634
710 _aAmerican Institute of Physics
_92416
942 _cBK
999 _c15519
_d15519